| 000 -LEADER |
| fixed length control field |
00703cam a22001814a 4500 |
| 020 ## - INTERNATIONAL STANDARD BOOK NUMBER |
| ISBN |
2847030328 (pbk.) |
| 040 ## - CATALOGING SOURCE |
| Transcribing agency |
DLC |
| 082 ## - DEWEY DECIMAL CLASSIFICATION NUMBER |
| Classification number |
551 AGE 2006 A029 Or. |
| 245 10 - TITLE STATEMENT |
| Title |
Erosion et gestion conservatoire de l'eau et de la fertilité des sols : |
| Remainder of title |
actes des Journées scientifiques du réseau érosion et GCES de l'AUF, Antananarivo, Madagascar, du 25 au 27 octobre 2005 / |
| 260 ## - PUBLICATION, DISTRIBUTION, ETC. (IMPRINT) |
| Place of publication |
Paris : |
| Name of publisher |
Éditions scientifiques GB : |
| -- |
Agence universitaire de la francophonie, |
| Year of publication |
2006. |
| 300 ## - PHYSICAL DESCRIPTION |
| Number of Pages |
310 p. : |
| Other physical details |
ill., maps ; |
| Dimensions |
24 cm. |
| 490 0# - SERIES STATEMENT |
| Series statement |
Actualité scientifique |
| 650 #0 - SUBJECT ADDED ENTRY--TOPICAL TERM |
| Topical Term |
Soil erosion |
| 650 #0 - SUBJECT ADDED ENTRY--TOPICAL TERM |
| Topical Term |
Soil fertility |
| 650 #0 - SUBJECT ADDED ENTRY--TOPICAL TERM |
| Topical Term |
Water conservation |
| 700 1# - ADDED ENTRY--PERSONAL NAME |
| Personal name |
Ratsivalaka, Simone. |
| 942 ## - ADDED ENTRY ELEMENTS (KOHA) |
| Koha item type |
សៀវភៅភាសាអង់គ្លេស |
| 952 ## - LOCATION AND ITEM INFORMATION (KOHA) |
| Withdrawn status [LOCAL, KOHA] |
0 |